000 00712nam a2200241 i 4500
001 5693
003 ES-MaACL
005 20250804054931.0
007 t|
008 890421s1987 sp ||||1| spa d
020 _a84-293-0964-8
080 _a231
080 _a211
100 1 _aVarone, Francois.
_9113248
245 1 3 _aEl Dios ausente
_b: reacciones religiosa, atea y creyente /
_cFrancois Varone.
260 _aSantander :
_bSal Terrae,
_cD.L. 1987.
300 _a230 p. ;
_c22 cm.
490 1 _aPresencia teológica ;
_v35
650 1 4 _aDios-
_xExistencia
_911904
830 0 _aPresencia teológica ;
_v35
_9180460
852 _aES-MaACL
_jL-12616
_bR.115806
_z. - rust.
999 _c5693
_d5693